Countries Closest to USA - Statistics

General Stats
  • This quiz has been taken 24 times
  • The average score is 16 of 20
Answer Stats
Distance (mi) Answer % Correct
50.3 Bahamas
100%
90.6 Cuba
100%
2.4 Russia
95%
12.4 France
86%
695.8 Haiti
86%
558.7 Jamaica
86%
981.3 Belize
81%
1112 El Salvador
81%
994.2 Guatemala
81%
1148.3 Panama
81%
1293.6 Costa Rica
76%
760.4 Dominican Republic
76%
796.5 Honduras
76%
1094.6 Colombia
71%
507.5 Japan
71%
1007.8 Nicaragua
71%
1226.9 Saint Kitts and Nevis
71%
752.1 Denmark
67%
2487 Iceland
62%
1302.1 Venezeula
62%
No matching quizzes found
Score Distribution
Percent of People with Each Score
Percentile by Number Answered
Your Score History
You have not taken this quiz